One Shot: South America Quiz Stats

 Plays Quiz Updated Nov 10, 2018

     
Support Sporcle.
Go Orange.
Score 0/7 Timer 03:00
0 Plays Today
☆ONE☆ ☆SHOT☆ % Correct
For example, if you think the ranking goes 'Venezuela, Brazil, Argentina, Colombia, Chile'...???
99.8%
Can you rank these South American countries in descending order of *population*? Each country has a corresponding number. ???
42.3%
2 - Venezuela???
15.8%
1 - Chile???
15.8%
3 - Brazil???
15.8%
4 - Argentina???
15.8%
5 - Colombia???
15.8%

From the Vault

Disappointing TV Show Endings

by Bowmana

The finales of these shows left us very confused.
Remove Ads.
Support Sporcle.
Get the best of Sporcle when you Go Orange. This ad-free experience offers more features, more stats, and more fun while also helping to support Sporcle. Thank you for becoming a member.

Show Comments

Extras

Top Quizzes Today


Score Distribution

Your Account Isn't Verified!

In order to create a playlist on Sporcle, you need to verify the email address you used during registration. Go to your Sporcle Settings to finish the process.

Report this User

Report this user for behavior that violates our Community Guidelines.

Details: